| 000 | 00421nam a2200133Ia 4500 | ||
|---|---|---|---|
| 008 | 160209s9999 xx 000 0 und d | ||
| 100 | _aMuela, A. | ||
| 245 | _aChild abuse and neglect - a multidimensional approach / | ||
| 245 | _cA. Muela. | ||
| 260 | _bInTech. | ||
| 260 | _c2012 | ||
| 650 | _xChild abuse - Prevention. | ||
| 856 | _uhttp://www.intechopen.com/books/child-abuse-and-neglect-a-multidimensional-approach | ||
| 999 |
_c290495 _d290495 |
||